[Event "Milan Crespi op-A 31st"]
[Site "Milan"]
[Date "2010.12.04"]
[Round "1"]
[White "Burlando, Alessandro"]
[Black "Colovic, Aleksandar"]
[Result "0-1"]
[WhiteElo "2132"]
[BlackElo "2457"]
[PlyCount "68"]
[EventDate "2010.12.04"]
[EventType "swiss"]
[EventRounds "9"]
[EventCountry "ITA"]
[SourceTitle "CBM 139 Extra"]
[Source "ChessBase"]
[SourceDate "2011.01.05"]
[SourceVersion "1"]
[SourceVersionDate "2011.01.05"]
[SourceQuality "1"]

1. d4 Nf6 2. c4 e6 3. Nf3 c5 4. d5 d6 5. Nc3 exd5 6. cxd5 g6 7. Nd2 Nbd7 8. e4 Bg7 9. Be2 0-0 10. 0-0 Re8 11. a4 Ne5 12. Ra3 a6 13. Qc2 Bg4 14. f3 Bd7 15. Nc4 Nxc4 16. Bxc4 Nh5 17. g4 Bd4+ 18. Kg2 Ng7 19. Ne2 Be5 20. f4 b5 21. Ba2 Bd4 22. Nxd4 cxd4 23. axb5 Bxb5 24. Bc4 Bxc4 25. Qxc4 Rxe4 26. Qd3 Qe7 27. b4 Re8 28. Bd2 h5 29. h3 hxg4 30. hxg4 Qh4 31. Qg3 Re2+ 32. Rf2 Rxf2+ 33. Kxf2 Qh1 34. Rf3 Qd1 0-1

[Event "Milan Crespi op-A 30th"]
[Site "Milan"]
[Date "2009.12.05"]
[Round "1"]
[White "Malaniuk, Vladimir P"]
[Black "Burlando, Alessandro"]
[Result "1-0"]
[WhiteElo "2575"]
[BlackElo "2178"]
[PlyCount "41"]
[EventDate "2009.12.05"]
[EventType "swiss"]
[EventRounds "9"]
[EventCountry "ITA"]
[SourceTitle "CBM 133 Extra"]
[Source "ChessBase"]
[SourceDate "2010.01.05"]
[SourceVersion "1"]
[SourceVersionDate "2010.01.05"]
[SourceQuality "1"]

1. d4 Nf6 2. Nf3 g6 3. c3 Bg7 4. Bg5 0-0 5. Nbd2 d5 6. e3 b6 7. Be2 c5 8. b4 Ne4 9. Nxe4 dxe4 10. Nd2 h6 11. Bh4 f5 12. bxc5 g5 13. cxb6 axb6 14. Bg3 f4 15. exf4 gxf4 16. Bh4 Bb7 17. 0-0 Nd7 18. Bc4+ Kh8 19. Re1 Rc8 20. Rc1 Rc6 21. Bd5 1-0

[Event "Pavia op"]
[Site "Pavia"]
[Date "2009.02.14"]
[Round "4"]
[White "Burlando, Alessandro"]
[Black "Theissl Pokorna, Regina"]
[Result "0-1"]
[WhiteElo "2171"]
[BlackElo "2384"]
[PlyCount "44"]
[EventDate "2009.02.13"]
[EventType "swiss"]
[EventRounds "5"]
[EventCountry "ITA"]
[SourceTitle "CBM 129 Extra"]
[Source "ChessBase"]
[SourceDate "2009.05.05"]
[SourceVersion "2"]
[SourceVersionDate "2009.05.20"]
[SourceQuality "1"]

1. d4 d5 2. c4 e6 3. Nc3 c5 4. cxd5 exd5 5. Nf3 Nc6 6. g3 Nf6 7. Bg2 Be7 8. 0-0 0-0 9. Bg5 cxd4 10. Nxd4 h6 11. Be3 Re8 12. h3 Bf8 13. Qa4 Na5 14. Rad1 Bd7 15. Qc2 Rc8 16. Nf5 Nc4 17. Bd4 Ne4 18. Ne3 Nxe3 19. Bxe3 Nxg3 20. Rxd5 Nxf1 21. Kxf1 Qe7 22. Bxa7 b5 0-1

[Event "Milan Crespi op-A 29th"]
[Site "Milan"]
[Date "2008.12.13"]
[Round "9"]
[White "Burlando, Alessandro"]
[Black "Pedini, Dario"]
[Result "1/2-1/2"]
[WhiteElo "2162"]
[BlackElo "2123"]
[PlyCount "23"]
[EventDate "2008.12.06"]
[EventType "swiss"]
[EventRounds "9"]
[EventCountry "ITA"]
[SourceTitle "CBM 130 Extra"]
[Source "ChessBase"]
[SourceDate "2009.07.02"]
[SourceVersion "2"]
[SourceVersionDate "2009.07.15"]
[SourceQuality "1"]

1. d4 d5 2. c4 c6 3. cxd5 cxd5 4. Nc3 e6 5. Bf4 Nc6 6. e3 Nf6 7. Bd3 Bd6 8. Bxd6 Qxd6 9. Nf3 a6 10. 0-0 0-0 11. Rc1 Bd7 12. a3 1/2-1/2

[Event "Milan Crespi op-A 29th"]
[Site "Milan"]
[Date "2008.12.12"]
[Round "8"]
[White "Kasparova, Tatiana"]
[Black "Burlando, Alessandro"]
[Result "1/2-1/2"]
[WhiteElo "2185"]
[BlackElo "2162"]
[PlyCount "124"]
[EventDate "2008.12.06"]
[EventType "swiss"]
[EventRounds "9"]
[EventCountry "ITA"]
[SourceTitle "CBM 130 Extra"]
[Source "ChessBase"]
[SourceDate "2009.07.02"]
[SourceVersion "2"]
[SourceVersionDate "2009.07.15"]
[SourceQuality "1"]

1. e4 e6 2. d3 c5 3. Nf3 Nc6 4. g3 g6 5. d4 cxd4 6. Nxd4 Bg7 7. Nb5 a6 8. Nd6+ Kf8 9. Bg2 Qc7 10. c3 Nf6 11. Be3 Ne8 12. Bc5 Ne7 13. Ba3 Nxd6 14. Bxd6 Qd8 15. 0-0 f6 16. a4 Kf7 17. Na3 Nc6 18. Nc4 Bf8 19. a5 Bxd6 20. Qxd6 Qe7 21. Rfd1 Qxd6 22. Rxd6 Ke7 23. Rad1 Rd8 24. Nb6 Rb8 25. b4 Ne5 26. f4 Nf7 27. R6d2 d6 28. c4 Bd7 29. Kf2 Bc6 30. Ke3 g5 31. Bf1 Rg8 32. b5 gxf4+ 33. gxf4 Be8 34. c5 dxc5 35. bxa6 bxa6 36. Bxa6 Bc6 37. Bc4 Rgd8 38. Rxd8 Nxd8 39. Rb1 Nb7 40. a6 Nd6 41. Bd3 Rg8 42. Rb2 Kd8 43. Nc4 Kc7 44. Nxd6 Kxd6 45. Bc4 Ra8 46. Rd2+ Kc7 47. Rg2 Kb6 48. Rg7 Ra7 49. Rxa7 Kxa7 50. e5 fxe5 51. fxe5 Bd7 52. Kf4 Bc8 53. Kg5 Bxa6 54. Bxe6 Bd3 55. Bf5 c4 56. e6 Bxf5 57. Kxf5 c3 58. e7 c2 59. e8Q c1Q 60. Qe7+ Kb6 61. Qe6+ Kc7 62. Qe7+ Kc6 1/2-1/2

[Event "Milan Crespi op-A 29th"]
[Site "Milan"]
[Date "2008.12.11"]
[Round "7"]
[White "Burlando, Alessandro"]
[Black "Battistella, Stefano"]
[Result "1/2-1/2"]
[WhiteElo "2162"]
[BlackElo "2088"]
[PlyCount "112"]
[EventDate "2008.12.06"]
[EventType "swiss"]
[EventRounds "9"]
[EventCountry "ITA"]
[SourceTitle "CBM 130 Extra"]
[Source "ChessBase"]
[SourceDate "2009.07.02"]
[SourceVersion "2"]
[SourceVersionDate "2009.07.15"]
[SourceQuality "1"]

1. d4 Nf6 2. c4 c5 3. d5 e5 4. Nc3 d6 5. e4 Be7 6. Bd3 Nbd7 7. Nge2 0-0 8. 0-0 Ne8 9. g3 g6 10. Qc2 Ng7 11. f3 Kh8 12. Be3 Nf6 13. Kg2 Ng8 14. Qd2 f5 15. f4 fxe4 16. Nxe4 exf4 17. Bxf4 Bf5 18. Rae1 Qd7 19. Nf2 Rae8 20. Bxf5 gxf5 21. Nh3 Nf6 22. Nc3 Ng4 23. Ng5 Bf6 24. h3 Ne5 25. b3 a6 26. a4 Ng6 27. Nd1 Nxf4+ 28. Qxf4 Kg8 29. Nf3 b5 30. axb5 axb5 31. Nf2 bxc4 32. bxc4 Rb8 33. Re2 Rbe8 34. Rfe1 Rxe2 35. Rxe2 Re8 36. Rxe8+ Nxe8 37. Nh4 Ng7 38. Nf3 Qe7 39. h4 Kf7 40. Qh6 Kg8 41. Ng5 Bxg5 42. hxg5 Qe5 43. g6 hxg6 44. Qxg6 Kf8 45. Qg5 Qe7 46. Qf4 Ke8 47. Kf3 Kd7 48. Qh6 Qf7 49. Kg2 Nh5 50. Nh3 Ng7 51. Ng5 Qe7 52. Kf3 f4 53. g4 Qe3+ 54. Kg2 Qe2+ 55. Kh3 Qe3+ 56. Kg2 Qe2+ 1/2-1/2

[Event "Bratto op-A 28th"]
[Site "Bratto"]
[Date "2008.08.30"]
[Round "9"]
[White "Qendro, Llambi"]
[Black "Burlando, Alessandro"]
[Result "1-0"]
[WhiteElo "2375"]
[BlackElo "2161"]
[PlyCount "57"]
[EventDate "2008.08.22"]
[EventType "swiss"]
[EventRounds "9"]
[EventCountry "ITA"]
[SourceTitle "EXT 2010"]
[Source "ChessBase"]
[SourceDate "2010.11.25"]
[SourceVersion "1"]
[SourceVersionDate "2010.11.25"]
[SourceQuality "1"]

1. d4 Nf6 2. c4 g6 3. Nc3 Bg7 4. e4 d6 5. f3 0-0 6. Bg5 Nc6 7. Nge2 e5 8. d5 Nd4 9. Nxd4 exd4 10. Qxd4 h6 11. Bxf6 Bxf6 12. Qd2 c6 13. 0-0-0 Qa5 14. Kb1 c5 15. Bd3 a6 16. f4 Bg7 17. e5 dxe5 18. fxe5 Bxe5 19. Qxh6 Bg7 20. Qd2 b5 21. Ne4 Qb6 22. Rc1 Bd4 23. Rhf1 bxc4 24. Rxc4 Rb8 25. b3 Kg7 26. Nxc5 Bxc5 27. Qc3+ Kg8 28. Rxc5 Bd7 29. Rf6 1-0

[Event "Lodi op"]
[Site "Lodi"]
[Date "2008.06.13"]
[Round "1"]
[White "Burlando, Alessandro"]
[Black "Lenic, Luka"]
[Result "0-1"]
[WhiteElo "2141"]
[BlackElo "2584"]
[PlyCount "68"]
[EventDate "2008.06.13"]
[EventType "swiss"]
[EventRounds "5"]
[EventCountry "ITA"]
[SourceTitle "CBM 124 Extra"]
[Source "ChessBase"]
[SourceDate "2008.07.03"]
[SourceVersion "1"]
[SourceVersionDate "2008.07.03"]
[SourceQuality "1"]

1. d4 Nf6 2. c4 g6 3. Nc3 Bg7 4. e4 d6 5. f3 0-0 6. Be3 c5 7. d5 e6 8. Bd3 a6 9. a4 exd5 10. cxd5 Nbd7 11. Nge2 Ne5 12. 0-0 Nh5 13. Rb1 f5 14. exf5 Nxd3 15. Qxd3 Bxf5 16. Ne4 Qa5 17. N2c3 Rae8 18. Qd2 Be5 19. Bh6 Ng7 20. g4 Bd7 21. Kg2 Qb4 22. b3 b5 23. axb5 axb5 24. Ne2 Qxd2 25. Bxd2 b4 26. Rf2 Bb5 27. N2g3 Bd3 28. Re1 h5 29. h4 c4 30. bxc4 b3 31. Bc1 hxg4 32. Bb2 gxf3+ 33. Kh3 Bxg3 34. Kxg3 Nh5+ 0-1

[Event "Porto Mannu op"]
[Site "Porto Mannu"]
[Date "2008.05.20"]
[Round "5"]
[White "Burlando, Alessandro"]
[Black "Marin, Mihail"]
[Result "0-1"]
[WhiteElo "2141"]
[BlackElo "2556"]
[PlyCount "98"]
[EventDate "2008.05.17"]
[EventType "swiss"]
[EventRounds "9"]
[EventCountry "ITA"]
[SourceTitle "CBM 124 Extra"]
[Source "ChessBase"]
[SourceDate "2008.07.03"]
[SourceVersion "1"]
[SourceVersionDate "2008.07.03"]
[SourceQuality "1"]

1. d4 Nf6 2. c4 g6 3. Nc3 d5 4. cxd5 Nxd5 5. e4 Nxc3 6. bxc3 Bg7 7. Nf3 c5 8. Rb1 0-0 9. Be2 b6 10. 0-0 Bb7 11. e5 cxd4 12. cxd4 Bd5 13. a4 Nc6 14. Be3 Qd7 15. Qd2 Rfd8 16. Rfd1 Rac8 17. Ba6 Rc7 18. Ne1 Na5 19. Bb5 Qf5 20. Qe2 Bc4 21. Bxc4 Rxc4 22. Rbc1 Rdc8 23. Rxc4 Rxc4 24. Rc1 Qc8 25. Rxc4 Qxc4 26. Qxc4 Nxc4 27. Nd3 Kf8 28. Kf1 Ke8 29. Ke2 Kd7 30. Bc1 e6 31. Ne1 a6 32. Kd3 b5 33. axb5 axb5 34. Nf3 h6 35. Ng1 Nb6 36. Ba3 Nd5 37. Ne2 b4 38. Bc1 Kc6 39. Kc4 Bf8 40. Be3 Nb6+ 41. Kb3 Kb5 42. Ng3 Nc4 43. Ne4 Na5+ 44. Kc2 b3+ 45. Kb2 Ka4 46. Nc5+ Bxc5 47. dxc5 Nc4+ 48. Kb1 Nxe3 49. fxe3 Kb5 0-1

[Event "Robecchetto op-A 18th"]
[Site "Robecchetto"]
[Date "2007.12.29"]
[Round "4"]
[White "Raselli, Claudio"]
[Black "Burlando, Alessandro"]
[Result "1/2-1/2"]
[WhiteElo "1958"]
[BlackElo "2058"]
[PlyCount "88"]
[EventDate "2007.12.27"]
[EventType "swiss"]
[EventRounds "6"]
[EventCountry "ITA"]
[SourceTitle "EXT 2011"]
[Source "ChessBase"]
[SourceDate "2010.11.26"]
[SourceVersion "1"]
[SourceVersionDate "2010.11.26"]
[SourceQuality "1"]

1. d4 Nf6 2. Nf3 g6 3. Nbd2 Bg7 4. e4 d6 5. Bd3 0-0 6. 0-0 c5 7. c3 cxd4 8. Nxd4 Nbd7 9. Qe2 Nh5 10. N2f3 a6 11. Be3 Nc5 12. Bc2 e5 13. Nb3 Ne6 14. g3 Nf6 15. Nh4 Qe7 16. Rad1 Nc5 17. Nxc5 dxc5 18. f3 Be6 19. a3 c4 20. Rd2 Qc7 21. Rfd1 Rfd8 22. Ng2 Nd7 23. Qf2 Bf8 24. Kh1 b5 25. Qe2 Nc5 26. Bxc5 Bxc5 27. Ne3 Bxe3 28. Qxe3 Kg7 29. Kg2 h6 30. Kf2 g5 31. Ke2 Kf6 32. Rxd8 Rxd8 33. Rxd8 Qxd8 34. Qd2 Qxd2+ 35. Kxd2 Ke7 36. Ke3 Kd6 37. f4 f6 38. fxg5 fxg5 39. Bd1 a5 40. Bh5 Bd7 41. Bg6 Kc5 42. Bf5 Be8 43. Bg4 b4 44. axb4+ axb4 1/2-1/2

[Event "Robecchetto op-A 18th"]
[Site "Robecchetto"]
[Date "2007.12.28"]
[Round "2"]
[White "Barlocco, Carlo"]
[Black "Burlando, Alessandro"]
[Result "0-1"]
[WhiteElo "2134"]
[BlackElo "2058"]
[PlyCount "104"]
[EventDate "2007.12.27"]
[EventType "swiss"]
[EventRounds "6"]
[EventCountry "ITA"]
[SourceTitle "EXT 2011"]
[Source "ChessBase"]
[SourceDate "2010.11.26"]
[SourceVersion "1"]
[SourceVersionDate "2010.11.26"]
[SourceQuality "1"]

1. g3 g6 2. Bg2 Bg7 3. e4 c5 4. d3 Nc6 5. f4 d6 6. Nf3 Bg4 7. h3 Bxf3 8. Qxf3 Nd4 9. Qf2 Qa5+ 10. Nc3 Nb3 11. cxb3 Bxc3+ 12. bxc3 Qxc3+ 13. Qd2 Qxa1 14. Ke2 Qf6 15. e5 dxe5 16. Bxb7 Rb8 17. Bf3 exf4 18. Bb2 Qe6+ 19. Kd1 f6 20. Qxf4 Rd8 21. Kd2 Qa6 22. Qe3 Qxa2 23. Kc2 Qa6 24. Ra1 Qb6 25. Ra4 c4 26. Qxb6 cxd3+ 27. Kd2 axb6 28. Ra6 Nh6 29. Rxb6 0-0 30. Ba3 Nf5 31. g4 Nd4 32. Be4 Rb8 33. Ra6 Nxb3+ 34. Kxd3 Rfd8+ 35. Ke3 Rd7 36. Bc6 Rc7 37. Bd5+ Kg7 38. Re6 Nc5 39. Bxc5 Rxc5 40. Rxe7+ Kh6 41. Kd4 Ra5 42. Rd7 Ra3 43. Be6 Re8 44. Rd6 Rxe6 45. Rxe6 Rxh3 46. Rxf6 Kg5 47. Rf7 Kxg4 48. Ke4 g5 49. Rf1 h5 50. Rg1+ Rg3 51. Ra1 h4 52. Ra8 h3 0-1

[Event "Lodi op 3rd"]
[Site "Lodi"]
[Date "2007.06.10"]
[Round "5"]
[White "Burlando, Alessandro"]
[Black "Dragojlovic, Andjelko"]
[Result "0-1"]
[WhiteElo "2115"]
[BlackElo "2412"]
[PlyCount "120"]
[EventDate "2007.06.08"]
[EventType "swiss"]
[EventRounds "5"]
[EventCountry "ITA"]
[SourceTitle "EXT 2010"]
[Source "ChessBase"]
[SourceDate "2010.11.25"]
[SourceVersion "1"]
[SourceVersionDate "2010.11.25"]
[SourceQuality "1"]

1. d4 g6 2. c4 Nf6 3. Nc3 d5 4. cxd5 Nxd5 5. e4 Nxc3 6. bxc3 Bg7 7. Nf3 c5 8. Rb1 0-0 9. Be2 Nd7 10. 0-0 Nf6 11. Bd3 b6 12. Qe2 Bg4 13. Bb2 e5 14. dxc5 bxc5 15. Qe3 Qc7 16. Bc4 Nh5 17. Bd5 Rac8 18. c4 Nf4 19. g3 Ne6 20. Nd2 Nd4 21. f3 Bd7 22. Nb3 Rb8 23. Ba3 Rfc8 24. Nxd4 exd4 25. Qd3 h5 26. f4 Bh3 27. Rfe1 Rb6 28. e5 Rcb8 29. Rb5 Bf5 30. Be4 Rxb5 31. cxb5 Qa5 32. Re2 c4 33. Qxc4 Qxa3 34. Bxf5 gxf5 35. Qxd4 Qc1+ 36. Kg2 Qc8 37. Qd5 Qe6 38. Qxe6 fxe6 39. a4 a6 40. Rb2 Bf8 41. Kf3 axb5 42. axb5 Bc5 43. Ke2 Kf7 44. Kd3 Ke7 45. Kc4 Bb6 46. Rd2 Rd8 47. Ra2 Kd7 48. Kb3 Ke7 49. Rc2 Rd1 50. Rc6 Rb1+ 51. Ka4 Ba7 52. Rc2 Kd7 53. Ka5 Ra1+ 54. Kb4 h4 55. gxh4 Be3 56. Rg2 Bxf4 57. Rg7+ Ke8 58. b6 Bxe5 59. Rh7 f4 60. b7 f3 0-1

[Event "Lodi op 3rd"]
[Site "Lodi"]
[Date "2007.06.08"]
[Round "1"]
[White "Burlando, Alessandro"]
[Black "Salvador, Roland"]
[Result "0-1"]
[WhiteElo "2115"]
[BlackElo "2452"]
[PlyCount "56"]
[EventDate "2007.06.08"]
[EventType "swiss"]
[EventRounds "5"]
[EventCountry "ITA"]
[SourceTitle "EXT 2010"]
[Source "ChessBase"]
[SourceDate "2010.11.25"]
[SourceVersion "1"]
[SourceVersionDate "2010.11.25"]
[SourceQuality "1"]

1. d4 d5 2. c4 dxc4 3. Nf3 Nf6 4. e3 a6 5. Bxc4 e6 6. 0-0 c5 7. Qe2 Nc6 8. Rd1 Qc7 9. Nc3 Be7 10. d5 exd5 11. Nxd5 Nxd5 12. Bxd5 0-0 13. h3 Nb4 14. Bb3 Bd7 15. e4 Bb5 16. Bc4 Bxc4 17. Qxc4 b5 18. Qc3 Rfd8 19. Be3 Nxa2 20. Qe5 Qxe5 21. Rxd8+ Rxd8 22. Nxe5 Nb4 23. Rc1 c4 24. Nf3 Bf6 25. e5 Nd3 26. Ra1 Nxe5 27. Rxa6 Nxf3+ 28. gxf3 h5 0-1

[Event "ITA-chT"]
[Site "Italy"]
[Date "1993.??.??"]
[Round "1"]
[White "Burlando, Alessandro"]
[Black "Ratti, Ruggero"]
[Result "0-1"]
[WhiteElo "2112"]
[BlackElo "2320"]
[PlyCount "64"]
[EventDate "1993.??.??"]
[EventType "team"]
[EventRounds "9"]
[EventCountry "ITA"]
[SourceTitle "EXT 2024"]
[Source "ChessBase"]
[SourceDate "2023.10.10"]
[SourceVersion "1"]
[SourceVersionDate "2023.10.10"]
[SourceQuality "1"]

1. d4 d5 2. c4 c6 3. Nf3 Nf6 4. Nc3 dxc4 5. a4 Bf5 6. Ne5 Nbd7 7. Nxc4 Nb6 8. Nxb6 Qxb6 9. a5 Qc7 10. g3 Rd8 11. Bf4 Qd7 12. Bg2 Bh3 13. 0-0 h5 14. f3 Bxg2 15. Kxg2 Nd5 16. Nxd5 Qxd5 17. Qc2 g5 18. Be3 a6 19. Bg1 Bg7 20. e4 Qb5 21. Rfd1 g4 22. Ra3 Rh6 23. Rb3 Qa4 24. e5 gxf3+ 25. Kxf3 Bxe5 26. Rc3 Qxc2 27. Rxc2 Rhd6 28. Rc5 Rd5 29. Rb1 Bxd4 30. Bxd4 Rxd4 31. Rxh5 R8d5 32. Rxd5 Rxd5 0-1